The next convergence : (Record no. 66272)

MARC details
000 -LEADER
fixed length control field 00864nam a22002297a 4500
005 - DATE AND TIME OF LATEST TRANSACTION
control field 20120507120353.0
008 - FIXED-LENGTH DATA ELEMENTS--GENERAL INFORMATION
fixed length control field 120507t xxu||||| |||| 00| 0 eng d
010 ## - LCCN (DPL NO)
LC control number ENG-105215
020 ## - INTERNATIONAL STANDARD BOOK NUMBER
International Standard Book Number 9788184001884
Terms of availability 499.00
035 ## - SYSTEM CONTROL NUMBER
System control number EN-88748
037 ## - SOURCE OF ACQUISITION
Source of stock number/acquisition DBAD/PUB
040 ## - CATALOGING SOURCE
Original cataloging agency DPL
Language of cataloging Eng
082 ## - DEWEY DECIMAL CLASSIFICATION NUMBER
Classification number 338.9
100 ## - MAIN ENTRY--PERSONAL NAME
9 (RLIN) 46516
Personal name Spence, Michael
245 ## - TITLE STATEMENT
Title The next convergence :
Statement of responsibility, etc by Michael Spence
Remainder of title the future of economic growth in a multispeed world /
260 ## - PUBLICATION, DISTRIBUTION, ETC. (IMPRINT)
Place of publication, distribution, etc Noida
Name of publisher, distributor, etc Random House Publishers
Date of publication, distribution, etc 2011
270 ## - ADDRESS
Address Windsor IT Park, 7th Floor, Tower-B, A-1, Sector-125
City Noida
Postal code 201301
300 ## - PHYSICAL DESCRIPTION
Extent xiv,296p.
Dimensions 23cm(pbk)
500 ## - GENERAL NOTE
General note Includes index
942 ## - ADDED ENTRY ELEMENTS (KOHA)
Source of classification or shelving scheme Dewey Decimal Classification
Item type English Books
Classification part 338.9
Call number suffix SPE
Holdings
Withdrawn status Lost status Source of classification or shelving scheme Damaged status Not for loan Collection code Home library Current library Date acquired Source of acquisition Cost, normal purchase price Total Checkouts Full call number Barcode Date last seen Copy number Cost, replacement price Koha item type
    Dewey Decimal Classification   Not For Loan Non-fiction D.B.Act.Division D.B.Act.Division 07/05/2012 DBAD/PUB 499.00   338.9 SPE EN-88748 07/05/2012 1 499.00 English Books

© Delhi Public Library
Hit Counter
free hit counter